000 00524nam a2200145Ia 4500
008 211220s9999 xx 000 0 eng d
041 _aEnglish
082 _aRP.0331
100 _aPatnaik, S. M.
_uUniversity of Delhi
_vDelhi
245 0 _aGlobalization and cultural identities :
_ba comparative study of tribes of central and north east India /
_cS. M. Patnaik
260 _aNew Delhi :
_bIndian Council oF Social Science Research,
300 _a233p.
536 _aIndian Council of Social Science Research
942 _cRP
999 _c27246
_d27246